Utopía

Gorde:
Xehetasun bibliografikoak
Egile nagusia: Moro, Tomás More, Thomas (autor)
Formatua: Liburua
Hizkuntza:gaztelania
Argitaratua: Madrid M. E 1996
Saila:Clásicos de Siempre
Gaiak:
Etiketak: Etiketa erantsi
Etiketarik gabe, Izan zaitez lehena erregistro honi etiketa jartzen!

MARC

LEADER 00000nam a2200000 a 4500
001 UCN0495
003 CL-VaPUC
005 20220426131813.0
008 010323e19960000SP |||||||||||||||||spa|d
999 |c 294243  |d 294241 
040 |c Pontificia Universidad Católica de Valparaíso 
082 0 4 |a 321.07  |b MOR  |2 21 
100 |a Moro, Tomás   |e autor  |q More, Thomas  |9 868789 
245 1 0 |a Utopía 
260 |a Madrid  |b M. E  |c 1996 
300 |a 158 p 
490 0 |a Clásicos de Siempre 
583 |a last modification  |c 20010323 00:00:00  |k Rodrigo Vera 
650 0 |a Ideologías  |9 255200 
650 0 |a Doctrinas políticas  |9 255835 
650 7 |a TEORIA  |2 CL-VaPUC  |9 455758 
942 |c BK  |2 ddc 
945 |d 20010323 00:00:00  |a vberengu 
952 |0 0  |1 0  |4 0  |6 321_070000000000000_MOR_1996  |7 0  |8 A  |9 346349  |a BIBHIS  |b BIBHIS  |d 2019-11-20  |i 3703312  |l 1  |o 321.07 MOR 1996  |p 3703312  |r 2025-01-20  |s 2022-06-07  |w 2019-11-20  |y BK  |k HIS